The chronic poverty report 2008-09 : Escaping poverty traps
Through our research we identify five main traps that underpin chronic poverty – insecurity, limited citizenship, spatial disadvantage, social discrimination and poor work opportunities – and outline key policy responses to these. It is our hope that this report will inspire deeper reflection on ho...
Saved in:
| Corporate Author: | |
|---|---|
| Format: | Book |
| Language: | Undetermined |
| Published: |
United Kingdom
Chronic Poverty Research Centre (CPRC)
2008
|
| Subjects: | |
| Tags: |
Add Tag
No Tags, Be the first to tag this record!
|
| Institutions: | Trung tâm Học liệu Trường Đại học Cần Thơ |
|---|
| LEADER | 01159nam a2200205Ia 4500 | ||
|---|---|---|---|
| 001 | CTU_161426 | ||
| 008 | 210402s9999 xx 000 0 und d | ||
| 082 | |a 362.57 | ||
| 082 | |b C557 | ||
| 110 | |a The Chronic Poverty Research Centre (CPRC) | ||
| 245 | 4 | |a The chronic poverty report 2008-09 : | |
| 245 | 0 | |b Escaping poverty traps | |
| 245 | 0 | |c Chronic Poverty Research Centre (CPRC) | |
| 260 | |a United Kingdom | ||
| 260 | |b Chronic Poverty Research Centre (CPRC) | ||
| 260 | |c 2008 | ||
| 520 | |a Through our research we identify five main traps that underpin chronic poverty – insecurity, limited citizenship, spatial disadvantage, social discrimination and poor work opportunities – and outline key policy responses to these. It is our hope that this report will inspire deeper reflection on how to tackle chronic poverty effectively and – most of all – will stimulate action to make it happen. | ||
| 650 | |a Food shortage,Thiếu lương thực,Poverty alleviation,Development research,Giảm nghèo,Nghiên cứu phát triển | ||
| 904 | |i Bé Hai, Trọng Hiếu | ||
| 980 | |a Trung tâm Học liệu Trường Đại học Cần Thơ | ||